| 000 | 00857nab a2200253 u 4500 | ||
|---|---|---|---|
| 001 | 10740 | ||
| 003 | HDC | ||
| 007 | cr bn ---aaaaa | ||
| 008 | 210205c my dr|nes 0 a may d | ||
| 040 | _aHDC | ||
| 100 |
_aBehonce, Beh, _eauthor _910237 |
||
| 245 | 0 |
_aYouth Unconference set to mobilise youth innovation / _cby Behonce Beh |
|
| 260 |
_a[No place] : _b[publisher not identified], _c[no year] |
||
| 336 |
_atext _2rdacontent |
||
| 337 |
_acomputer _2rdamedia |
||
| 338 |
_aonline resource _2rdacarrier |
||
| 650 |
_aHealth supplement _95184 |
||
| 650 |
_aYouth innovation _910988 |
||
| 650 |
_aYouth _99781 |
||
| 856 | _zRequest full-text at [email protected] | ||
| 942 | _2lcc | ||
| 942 | _cNEWS | ||
| 942 | _kNWSC 003925 | ||
| 999 |
_c8063 _d8063 |
||